Loading...
| Religion | 0 | 3 | 0 | 1 | 30 | 104 | 126.00 | 1 | 3 |
| Literature - American Literature | 0 | 2 | 0 | 0 | 20 | 112 | 119.00 | 1 | 2 |
| History - American History | 0 | 2 | 0 | 1 | 20 | 121 | 133.50 | 0 | 2 |
| Current Events | 0 | 2 | 0 | 0 | 20 | 114 | 121.50 | 2 | 2 |
| Fine Arts - Other Fine Arts | 0 | 2 | 0 | 1 | 20 | 129 | 136.00 | 1 | 2 |
| History - Other History | 0 | 2 | 0 | 0 | 20 | 110 | 119.50 | 0 | 2 |
| Science - Other Science | 0 | 1 | 0 | 0 | 10 | 101 | 101.00 | 0 | 1 |
| Science - Chemistry | 0 | 1 | 0 | 0 | 10 | 118 | 118.00 | 1 | 1 |
| Fine Arts - Auditory Fine Arts | 0 | 1 | 0 | 0 | 10 | 128 | 128.00 | 0 | 1 |
| Literature - British Literature | 0 | 1 | 0 | 0 | 10 | 125 | 125.00 | 0 | 1 |
| Social Science | 0 | 1 | 1 | 0 | 5 | 113 | 113.00 | 1 | 1 |
| History - World History | 0 | 1 | 1 | 1 | 5 | 134 | 134.00 | 1 | 1 |
| Pop Culture | 0 | 1 | 1 | 1 | 5 | 140 | 140.00 | 0 | 1 |
| Philosophy | 0 | 1 | 2 | 0 | 0 | 127 | 127.00 | 0 | 1 |
| Literature - European Literature | 0 | 1 | 2 | 0 | 0 | 123 | 123.00 | 1 | 1 |
| Science - Physics | 0 | 0 | 1 | 0 | -5 | 0.00 | 0 | 0 |